000 00262nam a2200097Ia 4500
008 240331s9999 xx 000 0 und d
082 _bGOM
100 _aGomez, S
245 0 _aFrom rights and shame to remedies and change :
_bgender violence in Sri Lanka
942 _cL
999 _c2913
_d2913